000
00302nam a2200121Ia 4500
008
190216s9999||||xx |||||||||||||| ||und||
100
_a
Tannan Ml
245
0
_a
Banking Law And Practice In India
260
_b
"Thacker & Company Ltd, Bombay"
_c
1977
300
_a
540p
650
_a
Commerce
942
_c
BK
999
_c
5114
_d
5114